[Event "Milan SSM op-B 08"]
[Site "Milan"]
[Date "2015.08.03"]
[Round "5"]
[White "Pedroli, Marco"]
[Black "Marcuzzo, Stefano"]
[Result "1-0"]
[WhiteElo "1592"]
[BlackElo "1515"]
[PlyCount "43"]
[EventDate "2015.07.31"]
[EventType "swiss"]
[EventRounds "7"]
[EventCountry "ITA"]
[SourceTitle "EXT 2022"]
[Source "ChessBase"]
[SourceDate "2021.10.06"]
[SourceVersion "1"]
[SourceVersionDate "2021.10.06"]
[SourceQuality "1"]

1. e4 e6 2. d3 d5 3. Nd2 Nf6 4. g3 dxe4 5. dxe4 e5 6. Bg2 Nc6 7. Ne2 Bc5 8. 0-0 0-0 9. Kh1 Be6 10. h3 Qe7 11. c3 Rad8 12. Qc2 Rfe8 13. b4 Bb6 14. a4 a5 15. b5 Nb8 16. c4 Nbd7 17. Ba3 Bc5 18. Bb2 Bd6 19. Nb3 b6 20. f4 Nh5 21. f5 Bxf5 22. exf5 1-0

[Event "Milan Carnevale op-B 6th"]
[Site "Milan"]
[Date "2015.02.20"]
[Round "3"]
[White "Calabrese, Maurizio"]
[Black "Marcuzzo, Stefano"]
[Result "1-0"]
[WhiteElo "1439"]
[BlackElo "1582"]
[PlyCount "69"]
[EventDate "2015.02.18"]
[EventType "swiss"]
[EventRounds "6"]
[EventCountry "ITA"]
[SourceTitle "EXT 2017"]
[Source "ChessBase"]
[SourceDate "2016.10.25"]
[SourceVersion "1"]
[SourceVersionDate "2016.10.25"]
[SourceQuality "1"]

1. d4 d5 2. c4 e6 3. Nf3 Nf6 4. Nc3 Be7 5. a3 0-0 6. g3 Nbd7 7. Bg2 c6 8. b4 Re8 9. 0-0 Nb6 10. Ne5 Nbd7 11. Nxd7 Nxd7 12. c5 b6 13. Bb2 Ba6 14. Qd2 e5 15. Nd1 exd4 16. cxb6 Nxb6 17. Bxd4 Nc4 18. Qc3 Bf6 19. Re1 Bxd4 20. Qxd4 Qe7 21. Nc3 Qg5 22. Na4 Nd2 23. Qb2 Qh6 24. Rad1 Nc4 25. Qc3 Bc8 26. e4 Bg4 27. f3 Be6 28. Nc5 Qf6 29. e5 Qf5 30. f4 g5 31. fxg5 Qxg5 32. Rd4 Nb6 33. Nxe6 Rxe6 34. Bh3 Re7 35. Rg4 1-0

[Event "Milan Carnevale op-B 6th"]
[Site "Milan"]
[Date "2015.02.19"]
[Round "2"]
[White "Marcuzzo, Stefano"]
[Black "Bossoni, Alessandra"]
[Result "1/2-1/2"]
[WhiteElo "1582"]
[BlackElo "1483"]
[PlyCount "95"]
[EventDate "2015.02.18"]
[EventType "swiss"]
[EventRounds "6"]
[EventCountry "ITA"]
[SourceTitle "EXT 2017"]
[Source "ChessBase"]
[SourceDate "2016.10.25"]
[SourceVersion "1"]
[SourceVersionDate "2016.10.25"]
[SourceQuality "1"]

1. e4 d6 2. d4 Nf6 3. Nc3 g6 4. f4 Bg7 5. Nf3 Nc6 6. d5 Nb8 7. Bd3 0-0 8. 0-0 c6 9. dxc6 Nxc6 10. Qe2 Bg4 11. Be3 e5 12. Qf2 exf4 13. Bxf4 Bxf3 14. Qxf3 Ne5 15. Bxe5 dxe5 16. Kh1 Qb6 17. Rab1 Rac8 18. g4 a6 19. g5 Nh5 20. Nd5 Qd8 21. h4 Qd6 22. c4 Nf4 23. Rbc1 Nxd5 24. cxd5 Qd7 25. Bc4 b5 26. Bd3 Rc7 27. a4 bxa4 28. Bxa6 f5 29. gxf6 Rxf6 30. Rxc7 Qxc7 31. Qe2 Rxf1+ 32. Qxf1 Bf8 33. Bc4 Bd6 34. Bb5 Qc2 35. Qe2 Qxe2 36. Bxe2 Kf7 37. Kg2 Ke7 38. Kg3 h5 39. Bb5 a3 40. bxa3 Bxa3 41. Kf3 Bb4 42. Ke2 Kd8 43. d6 Bxd6 44. Kf3 Be7 45. Kg3 g5 46. hxg5 Bxg5 47. Be2 Ke7 48. Bxh5 1/2-1/2

[Event "Milan Carnevale op-B 6th"]
[Site "Milan"]
[Date "2015.02.18"]
[Round "1"]
[White "Alidosi, Marco"]
[Black "Marcuzzo, Stefano"]
[Result "1/2-1/2"]
[WhiteElo "1743"]
[BlackElo "1582"]
[PlyCount "103"]
[EventDate "2015.02.18"]
[EventType "swiss"]
[EventRounds "6"]
[EventCountry "ITA"]
[SourceTitle "EXT 2017"]
[Source "ChessBase"]
[SourceDate "2016.10.25"]
[SourceVersion "1"]
[SourceVersionDate "2016.10.25"]
[SourceQuality "1"]

1. d4 d5 2. Bf4 Bf5 3. e3 Nf6 4. Nd2 Nbd7 5. Bd3 Bg6 6. Ngf3 e6 7. Qe2 c5 8. dxc5 Bxc5 9. Bxg6 fxg6 10. Ne5 0-0 11. Nb3 Bd6 12. Nxg6 Bb4+ 13. c3 Bxc3+ 14. bxc3 hxg6 15. 0-0 e5 16. Bg5 Rc8 17. Rac1 Nb6 18. Rfd1 e4 19. Nd4 Qd7 20. Qb2 Nc4 21. Qe2 Ng4 22. Bf4 g5 23. Bg3 Nge5 24. Rb1 Nd3 25. Qh5 g4 26. Ne2 Nb6 27. Rf1 Qf5 28. Qxf5 Rxf5 29. Rb3 g5 30. Nd4 Rf6 31. Nb5 a6 32. Nd6 Rc6 33. Nxb7 Na4 34. Na5 Rxc3 35. Rb8+ Rf8 36. Rxf8+ Kxf8 37. Bd6+ Kf7 38. h3 gxh3 39. gxh3 Ke6 40. Bf8 Rc2 41. a3 Rb2 42. Nc6 Ra2 43. Nb4 Nxb4 44. Bxb4 Nb6 45. Rc1 Nc4 46. Rc3 a5 47. Bf8 a4 48. Bc5 Kf6 49. Kg2 Kg6 50. Kg3 Re2 51. Rc1 Ra2 52. Rc3 1/2-1/2

[Event "Milan Crespi op-B 35th"]
[Site "Milan"]
[Date "2014.12.07"]
[Round "5"]
[White "Marcuzzo, Stefano"]
[Black "Crippa, Oscar"]
[Result "0-1"]
[WhiteElo "1428"]
[BlackElo "1681"]
[PlyCount "27"]
[EventDate "2014.12.04"]
[EventType "swiss"]
[EventRounds "7"]
[EventCountry "ITA"]
[SourceTitle "EXT 2017"]
[Source "ChessBase"]
[SourceDate "2016.10.25"]
[SourceVersion "1"]
[SourceVersionDate "2016.10.25"]
[SourceQuality "1"]

1. e4 e6 2. d4 d5 3. Nc3 Nf6 4. Bg5 Bb4 5. e5 h6 6. exf6 hxg5 7. fxg7 Rg8 8. Nf3 Qf6 9. Qd3 Nc6 10. Qe3 Bd7 11. Be2 0-0-0 12. 0-0-0 Rxg7 13. a3 Bd6 14. Bb5 0-1

[Event "Milan Crespi op-B 35th"]
[Site "Milan"]
[Date "2014.12.04"]
[Round "1"]
[White "Orlandini, Andrea"]
[Black "Marcuzzo, Stefano"]
[Result "1-0"]
[WhiteElo "1637"]
[BlackElo "1428"]
[PlyCount "59"]
[EventDate "2014.12.04"]
[EventType "swiss"]
[EventRounds "7"]
[EventCountry "ITA"]
[SourceTitle "EXT 2017"]
[Source "ChessBase"]
[SourceDate "2016.10.25"]
[SourceVersion "1"]
[SourceVersionDate "2016.10.25"]
[SourceQuality "1"]

1. e4 e6 2. d4 d5 3. Nc3 Nf6 4. Bg5 dxe4 5. Nxe4 Be7 6. Nxf6+ Bxf6 7. Bxf6 Qxf6 8. Nf3 0-0 9. Be2 Nc6 10. c3 b6 11. 0-0 Bb7 12. Qc2 Ne7 13. Ne5 Qg5 14. Bf3 Nd5 15. c4 Nb4 16. Qc3 Bxf3 17. Nxf3 Qe7 18. a3 Nc6 19. Rfe1 Qf6 20. b4 Rad8 21. Rad1 Ne7 22. a4 Nf5 23. Ne5 a6 24. c5 b5 25. axb5 axb5 26. c6 Rfe8 27. Qc5 Rd5 28. Nd7 Qxd4 29. Qxd5 Qxd5 30. Rxd5 1-0

[Event "Milan SSM July"]
[Site "Milan"]
[Date "2012.06.28"]
[Round "1"]
[White "Marcuzzo, Stefano"]
[Black "Marchini, Daniele"]
[Result "0-1"]
[WhiteElo "1395"]
[BlackElo "1846"]
[PlyCount "28"]
[EventDate "2012.06.28"]
[EventType "swiss"]
[EventRounds "5"]
[EventCountry "ITA"]
[SourceTitle "EXT 2024"]
[Source "ChessBase"]
[SourceDate "2023.10.10"]
[SourceVersion "1"]
[SourceVersionDate "2023.10.10"]
[SourceQuality "1"]

1. e4 c5 2. Nf3 d6 3. Bc4 e6 4. Nc3 Nf6 5. d4 cxd4 6. Nxd4 a6 7. Bg5 Be7 8. 0-0 h6 9. Bf4 e5 10. Bxe5 dxe5 11. Nf3 Nbd7 12. Re1 b5 13. Bb3 Bb7 14. a3 0-0 0-1